Iasonis Mayni Secvnda Svper Digesto Veteri Praeter alias ipsius Autoris, aliorúmqъ Doctorũ Additiones, adiecimus vtilißimae quasdã D. Io. Purpurati Adnotationes, maniculae figura signatas

Bibliographic Details
Main Author: Del Maino, Giasone, 1435-1519 (Author, Author of introduction, etc.)
Corporate Author: Edoard, Nicolas (Lyon, Francúzsko) (Printer)
Other Authors: Edoard, Nicolas (Printer)
Format: Book
Language:Latin
PhysicalDescription:202 listov 2° 42 cm
Published: Lvgdvni Excudebat Nicolaus Edoardus M. D. LVI. [=1556]
Subjects:

MARC

LEADER 00000nam a2200000 a 4500
001 vtls011905069
003 SK-MaSNL
005 20260302060649.0
008 251112s1556 fr f 001 0 lat
015 |a SNBHFA 
040 |a SNKHF  |b slo  |c SNKHF  |e AACR2 
041 |a lat 
044 |a fr  |c FR 
072 7 |a 34  |x Právo  |2 konspekt 
080 |a 340.15  |2 2011 
100 1 |a Del Maino, Giasone,  |d 1435-1519  |4 aut  |4 aui  |9 127312 
245 1 0 |a Iasonis Mayni Secvnda Svper Digesto Veteri Praeter alias ipsius Autoris, aliorúmqъ Doctorũ Additiones, adiecimus vtilißimae quasdã D. Io. Purpurati Adnotationes, maniculae figura signatas 
260 |a Lvgdvni  |b Excudebat Nicolaus Edoardus  |c M. D. LVI. [=1556] 
300 |a 202 listov  |c 2°  |c 42 cm 
500 |a Signet, iniciálky s ornamentálnym a figurálnym pozadím v rámčeku na 4 a 7 riadkov, titulný list červeno-čiernou tlačou v drevorezovom portálovom ráme s ornamentálnou a figurálnou výzdobou, rubriky, typografické ozdoby 
504 |a Text radený do dvoch stĺpcov, marginálie, kustody 
508 |a Predslov autora 
510 4 |a USTC 152077 
546 |a Latinčina  |b Antiqua  |b Fraktúra  |b Kurzíva 
561 |a Z knižnice františkánov Bratislava.  |5 SNK IA 1084/2 
561 |a Proveniencia: Conuentus Posoniensis Fratrum Minorum.  |5 SNK IA 1084/2 
563 |a Väzba: svetložltý hladký pergamen, chrbát červený, stopy po šnúrkach.  |5 SNK IA 1084/2 
650 0 7 |a rímske právo  |2 SNKPH  |9 983 
700 1 |a Edoard, Nicolas  |4 prt  |9 718579 
710 1 |a Františkáni (Bratislava, Slovensko)  |4 fmo  |9 281881 
710 0 |a Edoard, Nicolas (Lyon, Francúzsko),  |d 1554-1563  |4 prt  |9 718580 
752 |a Francúzsko  |d Lyon 
852 |a snk  |b Františkáni Bratislava  |p IA 1084/2 
958 |a ONDV 
958 |a DA 
999 |c 1122079  |d 1124009 
952 |t Fr Ba 4909  |a SNK  |b SNK  |c SNK_HF  |y PREZ  |7 0  |p 17A1357440  |o snkIA 1084/2  |i snk2019/31203  |8 5  |0 0  |1 0  |4 0  |d 2019-12-04  |l 0  |r 2026-02-24 18:34:57  |w 2026-02-24